| 000 | 01253nam a2200241 ar4500 | ||
|---|---|---|---|
| 001 | 3666 | ||
| 005 | 20221127090803.0 | ||
| 008 | 140120s su a 00010|ara d | ||
| 020 | _a9960171531 | ||
| 082 | 0 | 4 |
_a378.01 _bك807 |
| 100 | 1 | _aكينيدي، ديكلان. | |
| 245 | 1 | 0 |
_aصياغة مخرجات التعلم واستخدامها : _b(دليل تطبيقي) / _cتاليف ديكلان كينيدي ؛ ترجمة سعيد الزهراني، عبدالحميد بن محمد اجبار. |
| 260 |
_aالرياض : _bوزارة التعليم العالي، _c1434[2013]. |
||
| 300 |
_a138 ص. : _bايض. ملونة ؛ _c21 سم. |
||
| 440 | 0 |
_aسلسلة اصدارات مركز البحوث والدراسات ؛ _v22. |
|
| 500 | _aترجمة لكتاب: Writing and using learning outcomes : a practical guide / Declan Kennedy. 2007. | ||
| 504 | _aيتضمن ببليوجرافيا. | ||
| 650 | 4 |
_aالتعليم العالي _xتنظيم وادارة. |
|
| 650 | 4 |
_aالتعليم العالي _xاقتصاديات. |
|
| 650 | 4 |
_aالجامعات والكليات _xاغراضه واهدافه. |
|
| 700 | 0 |
_aالزهراني، سعيد بن محمد، _eمترجم. |
|
| 700 | 0 |
_aاجبار، عبدالحميد بن محمد، _eمترجم. |
|
| 999 |
_c3664 _d3664 |
||